Blurring Boundaries in the Cold War World

Titel: Blurring Boundaries in the Cold War World / Nicholas Barnett
Verfasser:
In: Journal of contemporary history, Band 52, Heft 3 (2017), Seite 764-775
alle Artikel anzeigen
Veröffentlicht: 2017
Format: Aufsatz
Sprache: Englisch
Schlagworte:
Kein Bild verfügbar
X
alg: 49418011
001A    $03025:04-05-22 
001B    $01999:04-05-22 $t22:30:43.000 
001D    $03025:04-05-22 
001U    $0utf8 
001X    $00 
002@    $0Oou 
002C    $aText $btxt $2rdacontent 
002D    $aComputermedien $bc $2rdamedia 
002E    $aOnline-Ressource $bcr $2rdacarrier 
003@    $0494180110 
007A    $0494180110 $aHEB 
009Q    $uhttps://doi.org/10.1177/0022009417702605 $xH 
010@    $aeng 
010E    $erda 
011@    $a2017 
013D    $#Newspapers Sections, columns, etc. Reviews $#Book reviewing $#Journaux Cahiers, chroniques, etc. Comptes rendus $#Livres Recension $#Rezension $#Buchbesprechung $#Buchrezension $#Buchkritik $74049712-4 $8Rezension [Ts1] $9085138568 
021A    $aBlurring Boundaries in the Cold War World $hNicholas Barnett 
028A    $BVerfasser $4aut $71165064243 $8Barnett, Nicholas J. [Tp3] $9435087789 
031A    $d52 $e3 $h764-775 $j2017 
039B    $aEnthalten in $8--Obvc--. Journal of contemporary history. - London {[u.a.] : Sage Publ., 1966-. - Online-Ressource. - ISSN 1461-7250 $x201700000520003236 $9083774181 
039T    $8--Aax--Risso, Linda. Propaganda and intelligence in the Cold War. - London : Routledge, 2014. - xvii, 296 pages. - ISBN 0-415-57032-8 $9338631356 
039T    $8--Aax--Chatzēvasileiou, Euanthēs. NATO and Western perceptions of the Soviet bloc. - London : Routledge, 2014. - 1 volume. - ISBN 978-0-415-74375-4 $9338898395 
039T    $8--Aau--. Cold War crossings. - 1. ed.. - College Station : Texas A&M University Press, 2014. - 224 S.. - Ill.. - ISBN 978-1-62349-030-0 $935581966X 
039T    $8--Aau--Hammond, Andrew$Z1967- [Tp3]. British fiction and the Cold War. - Basingstoke : palgrave macmillan, 2013. - VIII, 327 S.. - ISBN 978-1-137-27484-7 $9331832771 
039T    $8--Aax--. War of words. - Dublin, Ireland : University College Dublin Press, 2013. - xiv, 226 Seiten, 8 ungezählte Seiten. - ISBN 1-906359-37-7 $9331729741 
045F    $a909 $eDDC23BSB 
045F/01 $a909 
045F/03 $f0904 

lok: 49418011 78

exp: 49418011 78 1 #EPN
201B/01 $004-05-22 $t10:36:16.000 
201C/01 $004-05-22 
201U/01 $0utf8 
203@/01 $01198927895 
208@/01 $a04-05-22 $be 
209A/01 $a/ $f000 $x00 
209A/01 $ab*p $x01 
220C/01 $apgar 
244Z/01 $#Ostmitteleuropa $#Ostmitteleuropa $#Mitteleuropa, Ost $#Central Europe Ostmitteleuropa $#Mittelosteuropa $74075753-5 $8--Tg1--Ostmitteleuropa $x01 $9085214485 
247C/01 $82080>Marburg/Lahn, Herder-Institut, Forschungsbibliothek, Bibliographieportal $9336309341
LEADER 00000caa a2200000 c 4500
001 494180110
003 DE-603
005 20220504223043.0
007 cr||||||||||||
008 220504s2017 xx |||| o| u00||u|eng c
035 |a (DE-599)HEB494180110 
040 |a DE-603  |b ger  |c DE-603  |d DE-603  |e rda 
041 |a eng 
082 0 4 |8 1\u  |a 909  |q DE-101  |2 23/BSB 
085 |8 1\u  |b 909 
085 |8 1\u  |z 1  |s 0904 
100 1 |a Barnett, Nicholas J.  |e Verfasser  |4 aut  |0 (DE-603)435087789  |0 (DE-588)1165064243  |2 gnd 
245 0 0 |a Blurring Boundaries in the Cold War World  |c Nicholas Barnett 
264 0 |c 2017 
336 |a Text  |b txt  |2 rdacontent 
337 |a Computermedien  |b c  |2 rdamedia 
338 |a Online-Ressource  |b cr  |2 rdacarrier 
655 7 |a Rezension  |2 gnd-content  |0 (DE-588)4049712-4  |0 (DE-603)085138568 
773 0 8 |i Enthalten in  |t Journal of contemporary history  |d London ˜[u.a.] œ: Sage Publ., 1966-  |h Online-Ressource  |x 1461-7250  |g Band 52, Heft 3 (2017), Seite 764-775  |w (DE-603)083774181  |w (DE-600)1494064-4 
787 0 8 |i Rezension von  |a Risso, Linda  |t Propaganda and intelligence in the Cold War  |d London : Routledge, 2014  |h xvii, 296 pages  |z 0415570328  |z 9780415570329  |w (DE-603)338631356 
787 0 8 |i Rezension von  |a Chatzēvasileiou, Euanthēs, 1966-  |t NATO and Western perceptions of the Soviet bloc  |d London : Routledge, 2014  |h 1 volume  |z 9780415743754  |w (DE-603)338898395 
787 0 8 |i Rezension von  |t Cold War crossings  |b 1. ed.  |d College Station : Texas A&M University Press, 2014  |h 224 S., Ill.  |z 9781623490300  |w (DE-603)35581966X 
787 0 8 |i Rezension von  |a Hammond, Andrew, 1967-  |t British fiction and the Cold War  |d Basingstoke : palgrave macmillan, 2013  |h VIII, 327 S.  |z 9781137274847  |w (DE-603)331832771 
787 0 8 |i Rezension von  |t War of words  |d Dublin, Ireland : University College Dublin Press, 2013  |h xiv, 226 Seiten, 8 ungezählte Seiten  |z 1906359377  |z 9781906359379  |w (DE-603)331729741 
856 |u https://doi.org/10.1177/0022009417702605  |x Verlag 
924 1 |9 2080  |a (DE-603)1198927895  |b DE-2080  |c HES  |d d  |g /